skbl

Dr Suryya Kumar Bhuyan Library Web-OPAC
ডঃ সূৰ্য্য
কুমাৰ ভূঞা পুথিভঁৰাল ৱেব-অ'পেক

All Research Scholars are advised to clear the annual library fees to continue using Library Resources, Remote Access, Plagiarism Test and Library Clearance.

Cotton University Book Fair 2026

Electronic For You / (Record no. 52976)

MARC details
000 -LEADER
fixed length control field 01364nam a2200577Ia 4500
001 - CONTROL NUMBER
control field 53013
005 - DATE AND TIME OF LATEST TRANSACTION
control field 20240114005329.0
007 - PHYSICAL DESCRIPTION FIXED FIELD--GENERAL INFORMATION
fixed length control field ta
008 - FIXED-LENGTH DATA ELEMENTS--GENERAL INFORMATION
fixed length control field 101215s g b000 u u
040 ## - CATALOGING SOURCE
Original cataloging agency Cotton College
082 ## - DEWEY DECIMAL CLASSIFICATION NUMBER
Classification number 006.7
Item number EFY
100 ## - MAIN ENTRY--PERSONAL NAME
Personal name EFY Magagine, .
245 #0 - TITLE STATEMENT
Title Electronic For You /
Statement of responsibility, etc. EFY Magagine.
Medium Textual Documents
260 ## - PUBLICATION, DISTRIBUTION, ETC.
Place of publication, distribution, etc. New Delhi :
Name of publisher, distributor, etc. EFY Magagine Publisher ,
Date of publication, distribution, etc. 2009-10.
653 ## - INDEX TERM--UNCONTROLLED
Uncontrolled term CD- Electronic
942 ## - ADDED ENTRY ELEMENTS (KOHA)
Source of classification or shelving scheme Dewey Decimal Classification
Koha item type Books
Holdings
Withdrawn status Lost status Damaged status Not for loan Collection Home library Current library Date acquired Coded location qualifier Total checkouts Full call number Barcode Date last seen Copy number Price effective from Koha item type
          Dr. Suryya Kumar Bhuyan Library Dr. Suryya Kumar Bhuyan Library 01/02/2012 00000   006.7 EFY CCLCd/232 14/01/2024 21 01/02/2012 Books
          Dr. Suryya Kumar Bhuyan Library Dr. Suryya Kumar Bhuyan Library 01/02/2012 00000   006.7 EFY CCL/C/200 14/01/2024 4 01/02/2012 Books
          Dr. Suryya Kumar Bhuyan Library Dr. Suryya Kumar Bhuyan Library 01/02/2012 00000   006.7 EFY CCL/C/203 14/01/2024 3 01/02/2012 Books
          Dr. Suryya Kumar Bhuyan Library Dr. Suryya Kumar Bhuyan Library 01/02/2012 00000   006.7 EFY CCL/C/204 14/01/2024 1 01/02/2012 Books
          Dr. Suryya Kumar Bhuyan Library Dr. Suryya Kumar Bhuyan Library 01/02/2012 00000   006.7 EFY CCL/C/216 14/01/2024 8 01/02/2012 Books
          Dr. Suryya Kumar Bhuyan Library Dr. Suryya Kumar Bhuyan Library 01/02/2012 00000   006.7 EFY CCL/C/223 14/01/2024 15 01/02/2012 Books
          Dr. Suryya Kumar Bhuyan Library Dr. Suryya Kumar Bhuyan Library 01/02/2012 00000   006.7 EFY CCL/C/228 14/01/2024 17 01/02/2012 Books
          Dr. Suryya Kumar Bhuyan Library Dr. Suryya Kumar Bhuyan Library 01/02/2012 00000   006.7 EFY CCL/C/230 14/01/2024 19 01/02/2012 Books

Designed and Maintained by Team SKBL
©1901-2026

Powered by Koha